| 000 | 00484cam a2200193 4500 | ||
|---|---|---|---|
| 008 | 090401t1987 xxu||||| |||| 00| 0 eng d | ||
| 020 | _a0003831833 | ||
| 035 | _a(Sirsi) u36241 | ||
| 041 | _aeng | ||
| 050 | _a526.902462 | ||
| 100 | _aCooper, M. A. R. | ||
| 245 | _aControl surveys in civil engineering | ||
| 260 |
_aLondon _bCollins _c1987 |
||
| 300 | _axiii, 381p. : ill. ; 24cm. | ||
| 350 | _a37.5 | ||
| 650 | _aENGINEERING SURVEYING | ||
| 942 | _n0 | ||
| 948 | _c04/03/1997 | ||
| 999 |
_c90227 _d90227 |
||